000
00283nam a22001337a 4500
008
171228b xxu||||| |||| 00| 0 eng d
020
_a
081863152X
041
_a
eng
080
_a
371
100
_a
46
101
_a
EDU
245
_a
Real-Time Systems
_c
Kavi, K.M
942
_2
udc
_c
BK
999
_c
39516
_d
39516